• 首页
  • 本馆介绍
  • 公告通知
  • 最新文献
  • 馆藏检索
  • 电子资源
  • 读者导购
  • 参考咨询
  • 我的图书馆
  • 登录
  • 详细信息显示
  • 放入我的书架
  • 预约/预借图书
  • 作者相关作品
  • 分类相关作品
  • 丛书相关作品
  • 出版社相关作品

书目信息

  • 表格格式
  • 工作单格式
  • 卡片格式
题名:
题海战“数”
    
 
作者: ;全国硕士研究生入学统一考试研究委员会 编著
分册:   线性代数(数二)
出版信息: 北京   世界图书出版公司北京公司  2013
页数: 215页
开本: 26cm
丛书名:
单 册:
中图分类: O13-44 , O151.2-44 , O151.2-44
科图分类:
主题词: 数学--习题集--入学考试--硕士生 , 线性代数--习题集--入学考试--硕士生 , 数学 , 线性代数 , 代数 , 数论 , 组合数学
电子资源:
ISBN: 978-7-5100-6306-0
000 01196nam0 2200325 450
001 2891
005 20161207090611.26
010    @a978-7-5100-6306-0@dCNY30.00
100    @a20140512d2013 em y0chiy50 ea
101 0  @achi
102    @aCN@b110000
105    @ay q 000yy
200 1  @a题海战“数”@9ti hai zhan “ shu ”@e2014最新版@i线性代数(数二)@f全国硕士研究生入学统一考试研究委员会编著
210    @a北京@c世界图书出版公司北京公司@d2013
215    @a215页@d26cm@e1备考手册(24cm;6页)@e1试题(24cm;13页)
300    @a考研数学题库系列
330    @a本书通过对2004年~2013年十年考研数学(二)真题的分析与研究,结合考研数学(二)的最新考试大纲,给出了近十年考研数学(二)真题的具体考点。
606 0  @a数学@j习题集@x入学考试@x硕士生
606 0  @a线性代数@j习题集@x入学考试@x硕士生
606 0  @a数学
606 0  @a线性代数
606 0  @a代数
606 0  @a数论
606 0  @a组合数学
690    @aO13-44@v5
690    @aO151.2-44@v5
690    @aO151.2-44@v4
711 02 @a全国硕士研究生入学统一考试研究委员会@9quan guo shuo shi yan jiu sheng ru xue tong yi kao shi yan jiu wei yuan hui@4编著
801  0 @aCN@b大连网信软件有限公司图书馆·11@c20161207
905    @aZUCC@dO13-44@e550
    
    题海战“数”:2014最新版.线性代数(数二)/全国硕士研究生入学统一考试研究委员会编著.-北京:世界图书出版公司北京公司,2013
    215页;26cm+1备考手册(24cm;6页)+1试题(24cm;13页)
    考研数学题库系列
    
    ISBN 978-7-5100-6306-0:CNY30.00
    本书通过对2004年~2013年十年考研数学(二)真题的分析与研究,结合考研数学(二)的最新考试大纲,给出了近十年考研数学(二)真题的具体考点。
●
相关链接 在E读中查询图书 在五车中查询图书 在当当中查询图书 在豆瓣中查询图书


正题名:题海战"数"     索取号:O13-44/550         预约/预借

序号 登录号 条形码 馆藏地/架位号 状态 备注
1 911589   209115893   第二样本阅览室/ [索取号:O13-44/550] 在馆    
2 911590   209115900   密集书库-数信学院/ [索取号:O13-44/550] 在馆    
3 911591   209115919   第三借阅区/ [索取号:O13-44/550] 在馆    
4 911592   209115928   第三借阅区/ [索取号:O13-44/550] 在馆    
5 911593   209115937   第三借阅区/ [索取号:O13-44/550] 在馆    
唐山师范学院图书馆 欢迎您!
大连网信软件有限公司© 版权所有